000 00731nam a2200241Ia 4500
003 OSt
005 20220925224254.0
006 a|||||r|||| 00| 0
007 ta
008 220923b |||||||| |||| 00| 0 eng d
037 _cGeneral Book
040 _aRTL
_cRTL
_beng
041 _2eng
_aeng
082 _aY:1, K8
100 _aKonig Rene
_9137881
245 0 _aCommunity Tr. from the German by Edward Fitzgerald
260 _aLondon
_bRoutledge & Kegan Paul
_c1968
300 _avi,218,13p.
_ccm.
490 _aInternational Library of Sociology and Social Reconstuction Ed by W J H Sprott
650 _aCulture and Civilisation
942 _hY:1, K8
_cGB
_2CC
999 _c581216
_d581216